000 00303nam a22001337a 4500
008 181023b xxu||||| |||| 00| 0 eng d
020 _a9780205994724
041 _aeng
080 _a321
100 _a19
101 _aSHP
245 _aPolitics in Sttes and Communities
_cDye, Th. R
942 _2udc
_cBK
999 _c50724
_d50724